000 01514 a2200229 4500
001 48369
005 20260407155748.0
008 260407a1966 arg spa d
003 AR-UNSa-BCEJYS
040 _aAR-UNSa-BCEJYS
_bspa
_cAR-UNSa-BCEJYS
080 _a330.34
_xDesarrollo Económico
245 1 0 _aDesarrollo Económico
250 _a2da. ed.
264 1 _aNew York :
_bMcGraw-Hill
_c1966
300 _a432 p.
_c23 cm.
505 _aPRIMERA PARTE: La teoría del desarrollo económico: 1. Crecimiento económico y desarrollo - 2. Aspectos no económicos del desarrollo - 3. Teorías del crecimiento económico - 4. La tierra - 5. El capital - 6. El trabajo - 7. La organización - 8. Tecnología - 9. La dimensión - 10. Transformación - SEGUNDA PARTE: Problemas de política interior: 11. La asignación directa de recursos en oposición a la asignación mediante el sistema de precios - 12. Industrialización o agricultura - 13. Problemas de la política monetaria y fiscal - 14. Tecnología de utilización intensiva de capital y tecnología de empleo intensivo de trabajo - 15. El problema de la población - TERCERA PARTE: Aspectos internacionales: 16. Comercio exterior o autarquía - 17. La financiación exterior - 18. Cooperación regional - 19. Las relaciones con los países desarrollados - 20. Algunas conclusiones.
942 _cBK
590 _aniveau_biblio:m niveau_hierar:0
100 1 _aKindleberger, Charles P.
700 1 _aCremades Cepa, Rafael
700 1 _aReig Garcia, Víctor
999 _c4579
_d4579